| 000 | 00509nam a22001697a 4500 | ||
|---|---|---|---|
| 005 | 20240905101341.0 | ||
| 008 | 240905b |||||||| |||| 00| 0 eng d | ||
| 022 | _a00382396 | ||
| 041 | _aEnglish/Afrikaans | ||
| 082 | _a349 SOU | ||
| 100 | _lEnglish/Afrikaans | ||
| 245 | _aThe South African Law Reports 2024 | ||
| 260 |
_aCape Town: _bJuta and Company (Pty) Ltd, _c2024 |
||
| 300 |
_bxxxvi, 663 pages; _c25 cm. |
||
| 650 |
_aLegal practice _bLaw |
||
| 942 |
_cBK _6ALISON_BN_VRIES |
||
| 999 |
_c3017 _d3017 |
||